|
|
|
|
| LEADER |
00000cam a2200000 7i4500 |
| 001 |
0000002352 |
| 005 |
20151222.0 |
| 008 |
070711 |
| 020 |
|
|
|a 9833124364
|
| 090 |
0 |
0 |
|a JF
|b MOR MAL (2614)
|
| 100 |
0 |
|
|a Zarinah Ismail
|
| 245 |
1 |
0 |
|a Lagak Kamal
|c Zarinah Ismail
|
| 260 |
|
|
|a Selangor :
|b Bright Publications ,
|c 2005
|
| 440 |
|
0 |
|a Siri membina jati diri remaja
|
| 500 |
|
|
|a Children ages 7-9 years old (orange)
|
| 650 |
|
0 |
|a Children's stories, Malay
|
| 710 |
0 |
|
|a Title
|
| 999 |
|
|
|a 0000968799
|b Book
|c Children Collection
|e Perbadanan Perpustakaan Awam Johor
|
| 999 |
|
|
|a 0000968800
|b Book
|c Children Collection
|e Perbadanan Perpustakaan Awam Johor
|
| 999 |
|
|
|a 0000968801
|b Book
|c Children Collection
|e Cawangan Sri Merlong
|
| 999 |
|
|
|a 0000968802
|b Book
|c Children Collection
|e Perbadanan Perpustakaan Awam Johor
|
| 999 |
|
|
|a 0000968803
|b Book
|c Children Collection
|e Perbadanan Perpustakaan Awam Johor
|